| 000 | 00367nam a2200097Ia 4500 | ||
|---|---|---|---|
| 008 | 180130s9999 xx 000 0 und d | ||
| 245 |
_cOreku, George S. _aMobile technology interaction to e-commerce in promising of u-commerce |
||
| 260 | _c2016 | ||
| 300 | _aBook title: Information technology management--Acession number C20746; pages 221-231 | ||
| 650 | _aIT MANAGEMENT | ||
| 999 |
_c354276 _d354276 |
||